Spisovateľka s južanským temperamentom

Bibliographic Details
Main Author: Remiášová, Alžbeta (Author)
Format: Article
Language:Slovak
PhysicalDescription:Fotogr.
ISSN:1336-0973
Subjects:

MARC

LEADER 00000nab a2200000 ar4500
001 vtls010192762
003 SK-MaSNL
005 20260303092051.0
008 101129c2010 xo ||||||||||||00 b|slo
015 |a SNBRB2010/11  |2 snkbucl 
038 |a SNKBUCL 
040 |a SNKBUCL  |b slo  |c SNKBUCL  |e AACR2 
041 0 |a slo 
044 |a xo  |c SK 
080 |a 82-051  |2 2001 
080 |a 929 Zguriška, Zuzka  |2 2001 
100 1 |a Remiášová, Alžbeta  |4 aut  |9 721302 
245 1 0 |a Spisovateľka s južanským temperamentom  |c Alžbeta Remiášová 
300 |b Fotogr. 
600 1 7 |a Zguriška, Zuzka,  |d 1900-1984  |2 snkbucl  |9 37629 
655 7 |a profily  |2 snkbucl  |9 341977 
773 0 |t Slovenka  |g Roč. 63, č. 43 (2010), s. 74-75  |x 1336-0973 
852 |a SNK  |b KIS3GCP 
958 |a LX 
958 |a SK 
958 |a BX 
999 |c 1810621  |d 1812551